00607 2200205 4500001002100000005001700021008004100038035002400079090001800103100003100121245009300152250001000245260003100255300002200286650004400308850001500352980001300367985000600380999001500386YOGYA-0209000006067820090227035827.0 ind  0010-020900000060678 a801bAli AlT aALISYAHBANA, Takdir, Sutan aAmir Hamzah penyair besar antara dua zaman dan uraian nyanyi sunyicS.Takdir Alisyahbana aCet.2 aJakartabDian Rakyatc1985 avi, 50 hlmc20 cm aKesusasteraan Indonesia - Kritik sastra aYOPDYOG(B) a11-09-08 a1 aP000028650